Word Ladder: 3-Letter Pokémon (Gen. I) Quiz Stats

Quiz Updated Jul 21, 2016

Challenge
Share
Tweet
Embed
Score 0/16 Timer 02:00
0 Plays Today
Clue 3-Letter Word % Correct
Male parentDAD
92.6%
ObeseFAT
92.3%
Rodent found in the cityRAT
91.2%
UncookedRAW
90.5%
Wet soilMUD
89.9%
A bomb that fails to explodeDUD
88.7%
Animal footPAW
87.9%
★ Final pokémon in Generation 1 (#151) ★
OR A sound that a cat makes
★MEW★
87.7%
Clue 3-Letter Word % Correct
Where science experiments are conductedLAB
87.3%
A brief but popular trendFAD
86.1%
What judges interpretLAW
84.7%
Bench found in a churchPEW
84%
Toss gentlyLOB
78.9%
Steal with threat of violenceROB
78.8%
★ Pokémon that evolves from Grimer (#088) ★
OR a homophone of a synonym for dirt or filth
★MUK★
77.1%
An argumentROW
75.8%

Today's Daily Dose

Quick Pick
'D' Literature

On This Day
October 23rd

You're not logged in!

Compare scores with friends on all Sporcle quizzes.
Sign Up with Email
OR
Log In

You Might Also Like...

Show Comments

Extras

Top Quizzes Today


Score Distribution

Your Account Isn't Verified!

In order to create a playlist on Sporcle, you need to verify the email address you used during registration. Go to your Sporcle Settings to finish the process.